000 00235nam a2200085Ia 4500
008 120527s9999 xx 000 0 und d
100 _aZIKMUND, Amco
245 _aMarketing creating and keeping customers in an ecomerce world
942 _cBK
999 _c25470
_d25470